Statistiques concernant Paroles : Rock Me - One Direction

Cliquez ici pour prendre le quiz!

Statistiques générales

  • Ce quiz a été pris 68 fois
    (67 depuis la dernière actualisation)
  • Le résultat moyen est 300 sur 351

Statistiques - réponses

Réponse% Correct
The
100%
the
100%
C
98%
I
98%
O
98%
R
98%
K
96%
me
96%
you
96%
You
96%
summer
95%
to
95%
Do
93%
go
93%
go?
93%
remember
93%
rock
93%
want
93%
Yeah
93%
yeah
93%
'09
91%
was
91%
ever
88%
night
88%
show
86%
metal
84%
my
84%
of
84%
us
84%
back
82%
best
82%
every
82%
life
82%
Wann
82%
care
80%
heavy
80%
alone
79%
better
79%
again
77%
let
77%
that
77%
think
77%
we
77%
Just
75%
time
75%
hit
73%
it
73%
pedal
73%
can't
71%
there
71%
used
71%
believe
70%
on
70%
always
68%
never
68%
sea
66%
did
64%
lie
64%
sun
64%
Under
64%
will
64%
and
63%
down
61%
moonlight
61%
Why
61%
as
59%
guitar
59%
at
57%
Oh
55%
Playing
55%
stared
55%
beach
54%
were
54%
whispered
54%
words
52%
loud
50%
Lying
50%
out
50%
wanna
50%
fire
48%
together
48%
like
46%
shut
46%
too
46%
blew
45%
by
45%
could
45%
goodbye
45%
said
43%
they
39%
this
39%
mine
38%
rewind
36%
press
30%
roll
29%

Distribution des résultats

Percentile par nombre de réponses

% des personnes avec chaque résultat

Votre développement - résultats

Vous n’avez pas pris ce quiz depuis la dernière actualisation